Synthese, eigenschaften und anwendung alkalischer salze von monoestern der Maleinsaure und oxyethylierter fettalkohole

Bibliographic Details
Main Author: Klopotek, A. (Author)
Format: Article
Language:German
PhysicalDescription:Tb. 7., lit. 6 zázn. v poľ.
Subjects:

MARC

LEADER 00000nab a2200000 a 4500
001 vtls000236781
003 SK-MaSNL
005 20260319074707.0
008 160204c1985 xo 0 ger
015 |a SNBRA19rr/mm-uuuuu 
035 |a CL0246895 
040 |a SNKBUCL  |b slo  |c SNKBUCL  |e AACR2 
041 0 |a ger 
044 |a xo  |c SK 
080 |a 661.73  |2 1981 
100 1 |a Klopotek, A.  |4 aut  |9 933627 
245 1 0 |a Synthese, eigenschaften und anwendung alkalischer salze von monoestern der Maleinsaure und oxyethylierter fettalkohole  |c A. Klopotek 
300 |b Tb. 7., lit. 6 zázn. v poľ. 
650 0 7 |a kyselina maleínová  |2 snkbucl  |9 162510 
650 0 7 |a alkoholy mastné  |2 snkbucl  |9 933628 
655 7 |a články zo zborníkov  |2 snkbucl  |9 166140 
773 0 |t Štrnásta medzinárodná technická konferencia spotrebnej chémie RVHP  |d Bratislava : Dom techniky ČSVTS, 1985  |g S. 33-46 
850 |a Slovenská národná knižnica v Martine  |a MTA001 
852 |a SNK  |b KIS3GCP 
958 |a NB 
958 |a RK 
958 |a PL 
992 |a RZB 
999 |c 1483068  |d 1484998